Selección de cuentos /

Guardado en:
Autor Principal: Andersen, Hans Christian (1805-1875)
Formato: Libro
Publicado: Madrid : Club Internacional del libro, 1998
Materias:
Etiquetas: Agregar Etiqueta
Sin Etiquetas, Sea el primero en etiquetar este registro!
LEADER 00680nam a22002175a 4500
001 CEM.cems016933
005 20121122171057.0
008 130507s1998##################000#0#####d
003 CEMS
020 |a 8482651935 
082 0 4 |a 833 
100 1 |a Andersen, Hans Christian (1805-1875) 
245 1 0 |a Selección de cuentos /  |c Hans Christian Andersen, Ernst Theodor Amadeus Hoffmann y Hermanos Grimm 
260 |a Madrid :  |b Club Internacional del libro,  |c 1998 
300 |a 256 p. 
653 |a Literatura 
653 |a Cuento 
653 |a Narrativa alemana 
653 |a Literatura alemana 
653 |a Literatura infantil 
859 |a CEMS  |b BIB. CEMS - Agricultura  |h 833  |i An226  |p A0152.00  |t Ej.1